Logo BPK

Biblioteka

Politechniki Koszalińskiej

Turystyka wiejska w Polsce - od rozproszonych działań do kompleksowej strategii : (Rekord nr 44055)

Szczegóły MARC
000 -ETYKIETA REKORDU
podpole kontrolne o stałej długości 01253nam a2200265 i 4500
001 - NUMER KONTROLNY REKORDU
pole kontrolne bg
040 ## - ŹRÓDŁO KATALOGOWANIA
Instytucja, która utworzyła rekord BPK
041 w# - KOD JĘZYKA
Kod języka tekstu polengger
080 ## - UNIWERSALNA KLASYFIKACJA DZIESIĘTNA - UKD
UKD 338.48(438)"1989/..."(061)
008 - POLE O STAŁEJ DŁUGOŚCI - DANE KONTROLNE
podpole kontrolne o stałej długości s pl f |000 0 pol
111 2# - NAZWA IMPREZY
Nazwa imprezy Ogólnopolskie Sympozjum Agroturystyczne
Oznaczenie części/sekcji/imprezy (10 ;
Data imprezy 2003 ;
Miejsce imprezy Kraków).
245 00 - TYTUŁ/ODPOWIEDZIALNOŚĆ
Tytuł Turystyka wiejska w Polsce - od rozproszonych działań do kompleksowej strategii :
Ciąg dalszy tytułu materiały Międzynarodowej Sesji Naukowej zorg. w ramach X Ogólnopolskiego Sympozjum Agroturystycznego, Kraków 15-17 września 2003 : sesja naukowa.
Oznaczenie części/sekcji dzieła Z. 10 /
Pozostałe elementy strefy tytułu i oznaczenia odpowiedzialności red. nauk. Leszek Strzembicki, Józef Kania, Elżbieta Kmita-Dziasek.
260 ## - STREFA ADRESU WYDAWNICZEGO
Miejsce wydania Kraków :
Nazwa wydawcy/dystrybutora Wydaw. AR,
Data publikacji, dystrybucji/powstania dokumentu 2003.
300 ## - STREFA OPISU FIZYCZNEGO
Objętość 276 s. :
Inne cechy fizyczne il. ;
Rozmiary 24 cm.
490 1# - STREFA SERII I DOKUMENTU WIELOCZĘŚCIOWEGO - FORMA NIE DO WYSZUKIWANIA
Tytuł i oznaczenie odpowiedzialności serii Zeszyty Naukowe Akademii Rolniczej im. H. Kołłątaja w Krakowie. Rozprawy,
ISSN 0239-9342 ;
Numeracja w obrębie serii nr 402
500 ## - UWAGI OGÓLNE
Tekst uwagi Tekst i streszcz. częśc. ang., niem.
504 ## - UWAGA DOTYCZĄCA BIBLIOGRAFII
Informacje o bibliografii Bibliogr. przy ref.
650 #9 - HASŁO PRZEDMIOTOWE W FORMIE NAZWY OGÓLNEJ LUB JEDNOSTKOWEJ
Nazwa ogólna lub geograficzna Agroturystyka
Określnik geograficzny Polska
Określnik chronologiczny od 1989 r.
655 ## - TERMIN INDEKSOWY - OKREŚLENIE RODZAJU/FORMY DOKUMENTU
Określenie rodzaju/formy dokumentu Materiały konferencyjne
700 1# - HASŁO DODATKOWE - NAZWA OSOBOWA
Nazwa osobowa Strzembicki, Leszek.
Określenie związku między hasłem a opisywanym materiałem Red.
700 1# - HASŁO DODATKOWE - NAZWA OSOBOWA
Nazwa osobowa Kania, Józef.
Określenie związku między hasłem a opisywanym materiałem Red.
700 1# - HASŁO DODATKOWE - NAZWA OSOBOWA
Nazwa osobowa Kmita-Dziasek, Elżbieta.
830 #0 - HASŁO DODATKOWE SERII LUB DOKUMENTU WIELOCZĘŚCIOWEGO - TYTUŁ UJEDNOLICONY
Tytuł ujednolicony Zeszyty Naukowe Akademii Rolniczej im. H. Kołłątaja w Krakowie.
Nazwa części/sekcji dzieła Rozprawy ;
Oznaczenie tomu nr 402
856 ## - LOKALIZACJA I DOSTĘP DO ELEKTRONICZNYCH DOKUMENTÓW ZDALNYCH
Link (URL) http://koha.tu.koszalin.pl/cgi-bin/koha/opac-detail.pl?biblionumber=44055
Tekst linku Katalog online BPK
942 ## - DODATKOWE ELEMENTY (KOHA)
Typ dokumentu Książka
Egzemplarze
Wycofany Status egzemplarza Uszkodzony Dostępność Lokalizacja stała Lokalizacja bieżąca Miejsce przechowywania Sygnatura Kod kreskowy Dział Typ dokumentu
      Tylko na miejscu Biblioteka Politechniki Koszalińskiej Biblioteka Politechniki Koszalińskiej Czytelnia Wydziałowa ul. Kwiatkowskiego 6e 70721 02150550 338.48 Ekonomika i organizacja turystyki Książka
© 2023 Biblioteka Politechniki Koszalińskiej :: KOHA